• 首页
  • 本馆介绍
  • 公告通知
  • 最新文献
  • 馆藏检索
  • 电子资源
  • 读者导购
  • 参考咨询
  • 我的图书馆
  • 登录
  • 详细信息显示
  • 放入我的书架
  • 预约/预借图书
  • 作者相关作品
  • 分类相关作品
  • 丛书相关作品
  • 出版社相关作品

书目信息

  • 表格格式
  • 工作单格式
  • 卡片格式
题名:
场景化设计
    
 
作者: 朱军华 著
分册:  
出版信息: 北京   机械工业出版社  2022.01
页数: 13, 274页
开本: 21cm
丛书名: 产品管理与运营系列丛书
单 册:
中图分类: F713.361.2 , F713.36
科图分类:
主题词: 电子商务--dian zi shang wu--视觉设计
电子资源:
ISBN: 978-7-111-69608-7
000 01498nam 2000301 450
001 2249711662
005 20221020134905.00
010    @a978-7-111-69608-7@dCNY89.00
100    @a20220120d2022 em y0chiy50 ea
101 0  @achi
102    @aCN@b110000
105    @aa z 000yy
200 1  @a场景化设计@Achang jing hua she ji@e场景驱动的产品设计与运营@d= Scenario-based design@eproduct design and operation driven by scenario@f朱军华著@zeng
210    @a北京@c机械工业出版社@d2022.01
215    @a13, 274页@c图@d21cm
225 2  @a产品管理与运营系列丛书@Achan pin guan li yu yun ying xi lie cong shu
300    @a华章图书
314    @a朱军华, 资深产品专家, 拥有超过15年的互联网产品设计和运营经验。
330    @a本书由认识场景化、运用场景化、实战场景化几部分组成, 具体内容包括: 产品设计趋势: 场景化导向的革命、业务场景: 互联网产品的发展根本、用户场景: 围绕用户解决核心诉求、场景化思维: 移动互联网产品的灵魂、发现场景: 运用常见分析方法找到场景、细化场景: 运用四种方法明确场景、深入洞察: 基于用户心理的场景化设计、无形利剑: 基于同侪效应的场景化设计等。
410  0 @12001 @a产品管理与运营系列丛书
510 1  @aScenario-based design@eproduct design and operation driven by scenario@zeng
517 1  @a场景驱动的产品设计与运营@Achang jing qu dong de chan pin she ji yu yun ying
606 0  @a电子商务@Adian zi shang wu@x视觉设计
690    @aF713.361.2@v5
690    @aF713.36@v4
701  0 @a朱军华@Azhu jun hua@4著
801  0 @aCN@b人天书店@c20220120
905    @aZUCC@dF713.36@e505
    
    场景化设计:场景驱动的产品设计与运营= Scenario-based design:product design and operation driven by scenario/朱军华著.-北京:机械工业出版社,2022.01
    13, 274页:图;21cm.-(产品管理与运营系列丛书)
    华章图书
    
    ISBN 978-7-111-69608-7:CNY89.00
    本书由认识场景化、运用场景化、实战场景化几部分组成, 具体内容包括: 产品设计趋势: 场景化导向的革命、业务场景: 互联网产品的发展根本、用户场景: 围绕用户解决核心诉求、场景化思维: 移动互联网产品的灵魂、发现场景: 运用常见分析方法找到场景、细化场景: 运用四种方法明确场景、深入洞察: 基于用户心理的场景化设计、无形利剑: 基于同侪效应的场景化设计等。
●
相关链接 在五车中查询图书 在当当中查询图书 在豆瓣中查询图书


正题名:场景化设计     索取号:F713.36/505         预约/预借

序号 登录号 条形码 馆藏地/架位号 状态 备注
1 2000915368   2000915368   第三书库/ [索取号:F713.36/505] 在馆    
2 2000915369   2000915369   第三书库/ [索取号:F713.36/505] 在馆    
3 2000915370   2000915370   第三书库/ [索取号:F713.36/505] 在馆    
山东省滨州职业学院图书馆 欢迎您!
大连网信软件有限公司© 版权所有